| 000 | 00463nam a22001817a 4500 | ||
|---|---|---|---|
| 005 | 20231202124159.0 | ||
| 008 | 231202b |||||||| |||| 00| 0 eng d | ||
| 020 |
_a9789384292874 _cRs. 565.00 |
||
| 040 | _aMAIN | ||
| 082 |
_a910.02 _bS94B |
||
| 100 | _aSavindra Singh | ||
| 245 | _aBhautik bhoogol ka swaroopPr | ||
| 260 |
_aPrayagraj _bPravalika Publications _c2023 |
||
| 300 | _a688 | ||
| 650 | _aGeography | ||
| 650 | _aPhysical Education | ||
| 942 | _cBK | ||
| 999 |
_c309098 _d309098 |
||